| 000 | 00846nam a2200253 a 4500 | ||
|---|---|---|---|
| 008 | |||
| 020 | _a0521556554 (pbk.) | ||
| 049 | _aMAIN | ||
| 090 |
_aQA371 _bISE |
||
| 100 | 1 | _aIserles, Areih. | |
| 245 | 1 | 2 |
_aA first course in the numerical analysis of differential equations / _cArieh Iserles. |
| 246 | 3 | 0 | _aNumerical analysis of differential equations. |
| 260 |
_aCambridge : _bCambridge University Press, _c1996. |
||
| 300 |
_axvi, 378 p. : _bill. ; _c26 cm. |
||
| 440 | 0 | _aCambridge texts in applied mathematics. | |
| 504 | _aIncludes bibliographical references. | ||
| 500 | _aIncludes index. | ||
| 650 | 0 |
_aDifferential equations _xNumerical solutions. |
|
| 907 |
_a.b10047657 _b22-02-13 _c17-04-03 |
||
| 003 | |||
| 005 | 20230123133920.0 | ||
| 040 | _cNUST | ||
| 942 |
_cBOOKS _kQA371 _mISE |
||
| 999 |
_c156825 _d156825 |
||